000 00294nam a2200109Ia 4500
008 240624s9999 xx 000 0 und d
041 _aeng
082 _a338.6420954 BUS
100 _aBUSINESSWORLD
245 _aSME WHITEBOOK ESSENTIAL HANDBOOK FOR SMA
260 _c2009
_aNew Delhi
_bBusinessworld
999 _c14048
_d14048